Realizačný projekt ZTI administratívnej budovy s podtlakovým odvodnením strechy

Salvato in:
Dettagli Bibliografici
Autore principale: Obstová, Kristína (Autore)
Altri autori: Peráčková, Jana (Relatore della tesi)
Natura: Manoscritto Libro
Lingua:slovacco
Pubblicazione: 2023
Soggetti:
Accesso online:http://is.stuba.sk/zp/portal_zp.pl?podrobnosti=169090
https://opac.crzp.sk/?fn=detailBiblioForm&sid=C0DEB8E07572332BAD2A0815805F
Tags: Aggiungi Tag
Nessun Tag, puoi essere il primo ad aggiungerne!!

MARC

LEADER 00000ntm a22000003a 4500
001 stuzp93286
003 SK-STU
005 20230920110904.2
007 ta
008 150427s2015----xo-----f-mn---000-0-slo-d
040 |a STU  |b slo 
041 0 |a slo 
100 1 |a Obstová, Kristína  |u 010290  |4 aut  |U SvF Stavebná fakulta  |T SvF Katedra technických zariadení budov  |X 98998  |U V290  |Y 31  |7 98998 
242 0 1 |a Design of sanitary installations of an administrative building with vacuum drainage of the roof  |y eng 
245 1 0 |a Realizačný projekt ZTI administratívnej budovy s podtlakovým odvodnením strechy 
260 |c 2023 
650 4 |a vodovod  |2 slo 
650 4 |a splašková kanalizácia  |2 slo 
650 4 |a podtlakové odvodnenie striech  |2 slo 
650 4 |a sewage system  |2 eng 
650 4 |a water supply  |2 eng 
650 4 |a vacuum roof drainage system  |2 eng 
700 1 |a Peráčková, Jana  |u 010290  |k Z1  |4 ths  |U SvF Stavebná fakulta  |T SvF Katedra technických zariadení budov  |X 2739  |U V290  |Y 31  |7 A000002739 
856 4 |u http://is.stuba.sk/zp/portal_zp.pl?podrobnosti=169090 
856 4 |u https://opac.crzp.sk/?fn=detailBiblioForm&sid=C0DEB8E07572332BAD2A0815805F